000
00340nam a2200133 a 4500
005
20140414131929.0
008
100922s19uu xx 00 eng d
050
_a
FIC
_b
K93 2007
100
_a
Krueger, Jim
245
_a
My double-edged life :
_b
Book 2.
260
_a
Manila, Philippines :
_b
OMF,
_c
2007.
440
_a
Tomo
999
_c
112162
_d
112162